Kagamitang pampagtuturo at pampagkatuto sa ika 21 siglo/ (Record no. 8432)

MARC details
000 -LEADER
fixed length control field 00652nam a22001937a 4500
003 - CONTROL NUMBER IDENTIFIER
control field OSt
005 - DATE AND TIME OF LATEST TRANSACTION
control field 20260218043655.0
008 - FIXED-LENGTH DATA ELEMENTS--GENERAL INFORMATION
fixed length control field 260218b |||||||| |||| 00| 0 eng d
040 ## - CATALOGING SOURCE
Original cataloging agency DWC-Main lib
Transcribing agency OC
082 ## - DEWEY DECIMAL CLASSIFICATION NUMBER
Classification number Fil. 371.33 K11 2022
100 ## - MAIN ENTRY--PERSONAL NAME
Personal name Jelyzer Cramela N. Ariola
245 ## - TITLE STATEMENT
Title Kagamitang pampagtuturo at pampagkatuto sa ika 21 siglo/
Statement of responsibility, etc. Jelyzer Carmela N. Ariola
260 ## - PUBLICATION, DISTRIBUTION, ETC.
Place of publication, distribution, etc. [no place of publication]:
Name of publisher, distributor, etc. [no publisher],
Date of publication, distribution, etc. c2022.
300 ## - PHYSICAL DESCRIPTION
Extent 233 pages:
Other physical details illustrations;
Dimensions 27 cm.
650 ## - SUBJECT ADDED ENTRY--TOPICAL TERM
Topical term or geographic name entry element 1. Teaching -- aids and devices.
700 ## - ADDED ENTRY--PERSONAL NAME
Personal name Victoria A. Vasil
700 ## - ADDED ENTRY--PERSONAL NAME
Personal name [ AND FIVE OTHERS]
942 ## - ADDED ENTRY ELEMENTS (KOHA)
Source of classification or shelving scheme Dewey Decimal Classification
Koha item type Book-Filipiniana
Call number prefix Fil.
Suppress in OPAC No
952 ## - LOCATION AND ITEM INFORMATION (KOHA)
--
Holdings
Withdrawn status Lost status Source of classification or shelving scheme Damaged status Not for loan Home library Current library Shelving location Date acquired Source of acquisition Cost, normal purchase price Total Checkouts Full call number Barcode Date last seen Copy number Price effective from Koha item type Uniform Resource Identifier
    Dewey Decimal Classification     College Library College Library Filipiniana 10/04/2025 School Fund 600.00   Fil. 371.33 K11 2022 CL54581 02/18/2026 c1 02/18/2026 BK - FIL